00957cam a2200253 a 450000100060000000300080000600500170001400800410003103500190007204000360009104100080012708200270013509000150016224501470017726000380032430000260036250400200038865000440040865100440045270000230049694200120051999900170053195201550054827760BD-RjUL20211209051211.0140327s1912 enk 001 0 eng d a(BD-RjUL)27839 aMRCdOCLdBD-RjULbengcBD-RjUL aeng a971.038bLOR V-2 1912 aF1032b.D800aLord Durham's report on the affairs of British North America /cedited with an introduction by Sir C.P. Lucas.nVollume IIpText of the Report aOxford :bClarendon Press,c1912. a[6] 339 p. ;c23 cm. aIncludes index. aCanadaxPolitics and government.985215 0aCanadaxPolitics and government.985216 aC.P. Lucas.985217 2ddccBK c27760d27760 00102ddc3V-240728NFICaRUCLbRUCLcReadingd1955-07-08eAlies Book Agencyg17.00l0o971.038 LOR 1912r2014-03-27 00:00:00tC-1w2014-03-27yBK